রবীন্দ্রনাথ / (Record no. 44186)
[ view plain ]
| 000 -LEADER | |
|---|---|
| fixed length control field | 01104nam a2200241 a 4500 |
| 001 - CONTROL NUMBER | |
| control field | 44186 |
| 003 - CONTROL NUMBER IDENTIFIER | |
| rucl marc code | BD-RjUL |
| 005 - DATE AND TIME OF LATEST TRANSACTION | |
| control field | 20211209053819.0 |
| 008 - FIXED-LENGTH DATA ELEMENTS--GENERAL INFORMATION | |
| fixed length control field | 160714s1961 ii ||||| |||| 00| 0 ben d |
| 035 ## - SYSTEM CONTROL NUMBER | |
| System control number | (BD-RjUL)44304 |
| 040 ## - CATALOGING SOURCE | |
| Original cataloging agency | BD-RjUL |
| Language of cataloging | eng |
| Transcribing agency | BD-RjUL |
| Modifying agency | BD-RjUL |
| 041 ## - LANGUAGE CODE | |
| Language code of text/sound track or separate title | ben |
| 082 ## - DEWEY DECIMAL CLASSIFICATION NUMBER | |
| Edition number | 23 |
| Classification number | 891.4414 |
| Author mark and year | GUP 1961 |
| 100 ## - MAIN ENTRY--PERSONAL NAME | |
| Personal name | গুপ্ত, নলিনীকান্ত |
| 9 (RLIN) | 135675 |
| 245 10 - TITLE STATEMENT | |
| Title | রবীন্দ্রনাথ / |
| Statement of responsibility, etc. | নলিনীকান্ত গুপ্ত |
| 250 ## - EDITION STATEMENT | |
| Edition statement | পরিবর্ধিত সং. |
| 260 ## - PUBLICATION, DISTRIBUTION, ETC. (IMPRINT) | |
| Place of publication, distribution, etc. | কলিকাতা : |
| Name of publisher, distributor, etc. | ইষ্টলাইট বুক হাউস, |
| Date of publication, distribution, etc. | ১৯৬১ [১৩৬৮] |
| 300 ## - PHYSICAL DESCRIPTION | |
| Pagination | ১৬২ পৃ. ; |
| Size | ১৮ সেমি. |
| 500 ## - GENERAL NOTE | |
| General note | "রবীন্দ্রজন্মশতবর্ষপূর্তি সংস্করণ" |
| 600 ## - SUBJECT ADDED ENTRY--PERSONAL NAME | |
| Personal name | ঠাকুর, রবীন্দ্রনাথ, |
| Dates associated with a name | ১৮৬১-১৯৪১ |
| General subdivision | সমালোচনা ও ব্যাখ্যা |
| Personal name | Tagore, Rabindranath, |
| Dates associated with a name | 1861-1941 |
| General subdivision | Criticism and interpretation. |
| 942 ## - ADDED ENTRY ELEMENTS (KOHA) | |
| Source of classification or shelving scheme | Dewey Decimal Classification |
| Koha item type | Books |
| Lost status | Source of classification or shelving scheme | Damaged status | Not for loan | Collection code | Permanent Location | Current Location | Shelving location | Date acquired | Source of acquisition | Cost, normal purchase price | Total Checkouts | Full call number | Date last seen | Copy number | Koha item type |
|---|---|---|---|---|---|---|---|---|---|---|---|---|---|---|---|
| Dewey Decimal Classification | Non-fiction | Central Library, University of Rajshahi | Central Library, University of Rajshahi | 26/03/1964 | Mookhopaday F.K.I. | 3.50 | B 891.4414 GUP 1961 | 14/07/2016 | C-2 | Books |